|
|
|
|
| LEADER |
00000nam0a2200000 4500 |
| 001 |
267002 |
| 005 |
20231101234041.0 |
| 035 |
|
|
|a (RuTPU)RU\TPU\book\290022
|
| 090 |
|
|
|a 267002
|
| 100 |
|
|
|a 20140718d1987 km y0rusy50 ca
|
| 101 |
0 |
|
|a rus
|
| 102 |
|
|
|a RU
|
| 105 |
|
|
|a a z 001zy
|
| 200 |
1 |
|
|a Экономия электроэнергии в дуговых сталеплавильных печах
|f Ю. Н. Тулуевский [и др.]
|
| 210 |
|
|
|a Москва
|c Энергоатомиздат
|d 1987
|
| 215 |
|
|
|a 104 с.
|c ил.
|
| 225 |
1 |
|
|a Экономия топлива и электроэнергии
|
| 320 |
|
|
|a Библиогр.: с. 100-103.
|
| 606 |
1 |
|
|a Электроплавильные печи, дуговые
|2 stltpush
|3 (RuTPU)RU\TPU\subj\20661
|9 45749
|
| 610 |
1 |
|
|a энергетический баланс
|
| 610 |
1 |
|
|a электроплавка
|
| 610 |
1 |
|
|a энергетическая эффективность
|
| 610 |
1 |
|
|a электрические потери
|
| 610 |
1 |
|
|a снижение
|
| 610 |
1 |
|
|a вторичный токопровод
|
| 610 |
1 |
|
|a металлошихта
|
| 610 |
1 |
|
|a нагрев
|
| 675 |
|
|
|a 621.365.2
|v 3
|
| 701 |
|
1 |
|a Тулуевский
|b Ю. Н.
|g Юрий Николаевич
|
| 701 |
|
1 |
|a Зинуров
|b И. Ю.
|g Ильяз Юнусович
|
| 701 |
|
1 |
|a Попов
|b А. Н.
|g Александр Николаевич
|
| 701 |
|
1 |
|a Галян
|b В. С.
|g Вилен Сергеевич
|
| 801 |
|
1 |
|a RU
|b 63413507
|c 20140718
|
| 801 |
|
2 |
|a RU
|b 63413507
|c 20150717
|g RCR
|
| 942 |
|
|
|c BK
|